El emprendedor de éxito. Guía de planes de negocios

Bibliographic Details
Main Author: Alcaraz Rodríguez, Rafael Eduardo
Format: Section = Libro
Language:Undetermined
Spanish
Published: México McGraw-Hill 2005
Edition:2a ed
Subjects:
LEADER 00574nam a2200217Ia 4500
008 240830s9999 xx 000 0 und d
020 |a 970-10-3082-6 
040 |a B-ESTELÍ- RUACS / 658.11 A348 
041 |a spa 
082 |a 658.11 A348 
100 1 |a Alcaraz Rodríguez, Rafael Eduardo 
245 1 0 |a El emprendedor de éxito. Guía de planes de negocios 
250 |a 2a ed 
260 |a México  |b McGraw-Hill  |c 2005 
300 |a 316 p. 
650 7 |a ADMINISTRACION 
650 7 |b  NEGOCIOS 
650 7 |c  PLANIFICACION 
942 |c BK  |2 ddc 
991 |a TEXTO 
999 |c 11441